2019 Year in Review - Statistics

General Stats
  • This quiz has been taken 19 times
  • The average score is 7 of 15
Answer Stats
Hint Answer % Correct
July 24- _____ _______ becomes Prime Minister of the United Kingdom after defeating Jeremy Hunt Boris Johnson
89%
February 12- The Republic of ________ renames itself the Republic of North ________, officially ending a decades-old dispute with Greece Macedonia
89%
May 24- British Prime Minister Theresa May announces her _______ as Conservative leader, effective in June resignation
84%
April 28- Victor Vescovo achieves the deepest dive of any human in history, as he reaches Challenger Deep within the ______ Trench Mariana
74%
April 11- WikILeaks co-founder ______ ______ is arrested after seven years in Ecuador's embassy in London Julian Assange
68%
December 20- The United States founds the United States _____ Force, a branch of the United States Armed Forces dedicated to _____ warfare space
68%
January 10- ______ enters a presidential crisis as Juan Guaido and the National Assembly declare incumbent President Nicolas Maduro 'illegitimate' (country) Venezuela
63%
October 27- US President Donald Trump announces that the leader of the Islamic State of ____ and the Levant, Abu Bakr al-Baghdadi, has been killed in a U.S. Special Forces Operation Iraq
53%
October 17- Shootouts erupt in Culiacan, Mexico after the arrest of __ _____'s son, Ovidio Guzman Lopez, on an arrest warrant for drug dealing in the United States El Chapo
42%
September 23- _____ formally adopts the Paris climate agreement Russia
26%
August 12- ____ ____ International Airport is closed due to protests Hong Kong
21%
June 17- A triple suicide blast kills 30 and injures over 40 in Borno, _____, at a hall where people were watching a football match Nigeria
16%
November 26- 51 people are killed and around 2,000 others are injured in a 6.4-magnitude earthquake in Northwest ______ Albania
11%
December 30- Chinese authorities announce that He Jiankui, who claimed to have created the world's first genetically edited human _____, has been sentenced to three years in prison and fined 3 million yuan for his genetic research efforts babies
11%
July 13- Hurricane _____ strikes the Gulf Coast, killing one and causing over $500 million in damages Barry
11%
No matching quizzes found
Score Distribution
Percent of People with Each Score
Percentile by Number Answered
Your Score History
You have not taken this quiz